| 000 | 01210nam a2200349 a 4500 | ||
|---|---|---|---|
| 001 | 82114 | ||
| 003 | BD-RjUL | ||
| 005 | 20260409114149.0 | ||
| 008 | 231015r20252021nju b 001 0 eng d | ||
| 020 | _a9789354495106 | ||
| 020 |
_a9781292353142 _q(pbk.) |
||
| 020 |
_a9781292353265 _q(hbk. |
||
| 035 | _a(BD-RjUL)82114 | ||
| 040 |
_aTHI _beng _erda _cUKMGB _dOCLCO _dYDX _dBD-RjUL |
||
| 041 | _aeng | ||
| 082 | 0 |
_223 _a658.45 _bBOB 2025 |
|
| 100 | 1 |
_aBovée, Courtland L. _eauthor. _99550 |
|
| 245 | 1 | 0 |
_aBusiness communication today / _cCourtland L. Bovee, John V. Thill, Roshan Lal Raina |
| 250 | _aFifteenth edition | ||
| 264 | 1 |
_aUpper Saddle River ; _aUttar Pradesh : _bPearson India Education Services Pvt. Ltd., _cc2021, [impression 2025] |
|
| 300 |
_a713 pages ; _bIllustrations; _c26 cm. |
||
| 336 |
_atext _2rdacontent |
||
| 337 |
_aunmediated _2rdamedia |
||
| 338 |
_avolume _2rdacarrier |
||
| 500 | _aPrevious edition: 2018. | ||
| 504 | _aIncludes bibliographical references and index. | ||
| 650 | 4 |
_aBusiness communication. _99551 |
|
| 650 | 4 |
_aCommunication in organizations. _99552 |
|
| 700 | 1 |
_aThill, John V., _eauthor. _99553 |
|
| 700 | 1 |
_aRaina, Roshan Lal _99554 |
|
| 942 |
_2ddc _cBK |
||
| 999 |
_c82114 _d82114 |
||